|
|
|
|
| LEADER |
01005nam a2200277 a 4500 |
| 001 |
17680 |
| 003 |
BD-DhAAL |
| 005 |
20140702111942.0 |
| 008 |
140702s1990 pau b 000 0 eng |
| 010 |
|
|
|a 89027302
|
| 020 |
|
|
|a 0877226954 (alk. paper)
|
| 040 |
|
|
|a DLC
|c DLC
|d DLC
|d BD-DhAAL
|
| 050 |
0 |
0 |
|a BC177
|b .M55 1990
|
| 082 |
|
|
|2 23
|a 160.3
|
| 100 |
1 |
|
|a Minnich, Elizabeth Kamarck.
|9 4660
|
| 245 |
1 |
0 |
|a Transforming knowledge /
|c Elizabeth Kamarck Minnich.
|
| 260 |
|
|
|a Philadelphia :
|b Temple University Press,
|c 1990.
|
| 300 |
|
|
|a xix, 210 p. ;
|c 24 cm.
|
| 504 |
|
|
|a Includes bibliographical references (p. 195-210).
|
| 541 |
|
|
|e 17680
|
| 650 |
|
0 |
|a Critical thinking.
|9 4597
|
| 650 |
|
0 |
|a Methodology.
|9 5230
|
| 650 |
|
0 |
|a Feminist theory.
|9 5231
|
| 942 |
|
|
|2 ddc
|c BK
|
| 999 |
|
|
|c 32822
|d 32822
|
| 952 |
|
|
|0 0
|1 0
|2 ddc
|4 0
|6 160_300000000000000_MIN
|7 0
|9 42873
|a BRACUL
|b BRACUL
|c GEN
|d 2014-07-02
|l 0
|o 160.3 MIN
|p 3010017680
|r 2014-07-02
|t 1
|w 2014-07-02
|y BK
|x Transferred from ENH to Ayesha Abed library on 20/12/2023
|